| 000 | 00355nam a2200145Ia 4500 | ||
|---|---|---|---|
| 008 | 230917s9999||||xx |||||||||||||| ||und|| | ||
| 040 |
_e36355 _aMAIN |
||
| 041 | _aEnglish | ||
| 082 | _a658.3 T279S | ||
| 100 | _aTerry, George R | ||
| 245 | 0 | _aSupervisory management | |
| 260 |
_aIllinois _bRichard D Irwin _c1976 |
||
| 300 | _axv, 398 p. | ||
| 942 | _cBK | ||
| 999 |
_c171368 _d171368 |
||